[Event "20th 4NCL Congress"]
[Site "Nottingham"]
[Date "2018.09.30"]
[Round "4"]
[Board "17"]
[White "Burnett, Jim"]
[Black "Wells, Jonathan C"]
[Result "1/2-1/2"]
[WhiteElo "2062"]
[BlackElo "1969"]
[PlyCount "36"]
[EventDate "2018.09.28"]
[EventRounds "5"]
[EventCountry "ENG"]

1. d4 Nf6 2. c4 g6 3. g3 c6 4. Bg2 d5 5. Nf3 Bg7 6. Nc3 O-O 7. cxd5 cxd5 8. Ne5
Nc6 9. Nxc6 bxc6 10. O-O Bf5 11. Na4 Nd7 12. Be3 Qa5 13. b3 e5 14. Rc1 Rac8 15.
dxe5 Bxe5 16. Qd2 Qxd2 17. Bxd2 Nb6 18. Bc3 Rfe8  1/2-1/2

[Event "20th 4NCL Congress"]
[Site "Nottingham"]
[Date "2018.09.30"]
[Round "4"]
[Board "18"]
[White "Cusick, Peter W"]
[Black "Yoon, Jacob D"]
[Result "0-1"]
[WhiteElo "1985"]
[BlackElo "2017"]
[PlyCount "58"]
[EventDate "2018.09.28"]
[EventRounds "5"]
[EventCountry "ENG"]

1. d4 d5 2. Nf3 c6 3. c4 e6 4. cxd5 exd5 5. Nc3 Bd6 6. Bg5 Ne7 7. e3 Bf5 8. Bd3
f6 9. Bh4 Nd7 10. Bg3 Nf8 11. Bxd6 Qxd6 12. Bxf5 Nxf5 13. O-O O-O-O 14. Qc2 Qd7
15. b4 Kb8 16. a4 g5 17. b5 Rc8 18. bxc6 Rxc6 19. Qb3 g4 20. Nd2 Ne7 21. a5 Ne6
22. Qb5 Ng5 23. Rfb1 Rd8 24. Na4 Rc1+ 25. Nf1 Qxb5 26. Rxb5 Rxa1 27. Nc5 Rg8
28. Rxb7+ Ka8 29. Rxe7 Nf3+  0-1

[Event "20th 4NCL Congress"]
[Site "Nottingham"]
[Date "2018.09.30"]
[Round "4"]
[Board "20"]
[White "Jukes, Sam"]
[Black "Fletcher, John T"]
[Result "1/2-1/2"]
[WhiteElo "1863"]
[BlackElo "2002"]
[PlyCount "96"]
[EventDate "2018.09.28"]
[EventRounds "5"]
[EventCountry "ENG"]

1. e4 c5 2. Nc3 Nc6 3. f4 g6 4. Nf3 Bg7 5. Bc4 e6 6. O-O Nge7 7. Qe1 O-O 8. d3
d5 9. Bb3 Rb8 10. f5 Nd4 11. Bg5 f6 12. Bh4 Nxb3 13. axb3 d4 14. Ne2 exf5 15.
Rxa7 Nc6 16. Bg3 Nxa7 17. Bxb8 Nc6 18. Bf4 fxe4 19. dxe4 d3 20. cxd3 Qxd3 21.
Nc1 Qb5 22. Qc3 Re8 23. Re1 Be6 24. Qd3 Qa5 25. Qc3 Qxc3 26. bxc3 Rd8 27. Kf2
Rd7 28. Ke2 Kf7 29. Rd1 Ke7 30. Rxd7+ Kxd7 31. Kd2 b6 32. c4 g5 33. Bg3 g4 34.
Ng1 Bh6+ 35. Kd1 Bxc1 36. Kxc1 Nd4 37. Kb2 f5 38. exf5 Bxf5 39. Be5 Ke6 40.
Bxd4 cxd4 41. Ne2 Ke5 42. Kc1 d3 43. Ng3 Bg6 44. Kd2 Kd4 45. Nf1 h5 46. g3 Ke4
47. Ne3 Bf7 48. Nd5 Bxd5  1/2-1/2

[Event "20th 4NCL Congress"]
[Site "Nottingham"]
[Date "2018.09.30"]
[Round "4"]
[Board "21"]
[White "Makkar, Rajat"]
[Black "Ross, Stuart"]
[Result "1-0"]
[WhiteElo "2000"]
[BlackElo "1608"]
[PlyCount "55"]
[EventDate "2018.09.28"]
[EventRounds "5"]
[EventCountry "ENG"]

1. d4 Nf6 2. c4 e6 3. g3 d5 4. Nf3 Be7 5. Bg2 O-O 6. O-O dxc4 7. Ne5 c5 8. dxc5
Qc7 9. Nxc4 Bxc5 10. b3 Nc6 11. e3 e5 12. Bb2 Bg4 13. Qc2 Rfe8 14. a3 Rac8 15.
Nc3 a6 16. Rac1 b5 17. Nd2 b4 18. Na4 bxa3 19. Ba1 Nb4 20. Qxc5 Qxc5 21. Nxc5
Be2 22. Rfe1 Rxc5 23. Rxc5 Nd3 24. Rec1 Nxc1 25. Rxc1 h6 26. Nc4 a2 27. Rc2 Rd8
28. Rd2  1-0

[Event "20th 4NCL Congress"]
[Site "Nottingham"]
[Date "2018.09.30"]
[Round "4"]
[Board "22"]
[White "Leck, Gerrit"]
[Black "Moore, Geoffrey R"]
[Result "1-0"]
[WhiteElo "1932"]
[BlackElo "1985"]
[PlyCount "57"]
[EventDate "2018.09.28"]
[EventRounds "5"]
[EventCountry "ENG"]

1. e4 c6 2. d4 d5 3. e5 Bf5 4. Nf3 e6 5. Be2 Ne7 6. O-O Nd7 7. Nbd2 a6 8. Nb3
c5 9. dxc5 Nc6 10. Nbd4 Be4 11. Nxc6 bxc6 12. b4 a5 13. c3 Bxf3 14. Bxf3 Nxe5
15. Be2 Be7 16. Be3 O-O 17. f4 Nd7 18. Bd4 Bf6 19. a4 Qc7 20. Bxf6 gxf6 21. Bd3
Rfb8 22. Qh5 Kf8 23. Qxh7 Ke7 24. Bg6 Rf8 25. Qg7 Qb8 26. Rae1 d4 27. Rxe6+
Kxe6 28. Re1+ Kd5 29. Bxf7+  1-0

[Event "20th 4NCL Congress"]
[Site "Nottingham"]
[Date "2018.09.30"]
[Round "4"]
[Board "23"]
[White "Kramaley, David"]
[Black "Dias, Savin"]
[Result "1/2-1/2"]
[WhiteElo "1849"]
[BlackElo "1693"]
[PlyCount "99"]
[EventDate "2018.09.28"]
[EventRounds "5"]
[EventCountry "ENG"]

1. e4 c5 2. Nf3 d6 3. Bb5+ Bd7 4. Bxd7+ Qxd7 5. c4 Nf6 6. Nc3 Nc6 7. d4 cxd4 8.
Nxd4 g6 9. Nc2 Bg7 10. O-O Rc8 11. Rb1 O-O 12. f3 a6 13. Be3 Ne5 14. b3 b5 15.
Nd5 Nxd5 16. cxd5 Rc3 17. Bd4 Rc7 18. Bxe5 Bxe5 19. Nb4 f5 20. Nc6 e6 21. Nxe5
dxe5 22. dxe6 Qxe6 23. exf5 gxf5 24. Qe2 Rg7 25. Rbe1 Re8 26. Rf2 e4 27. fxe4
fxe4 28. Qe3 Qe5 29. Rfe2 Rge7 30. g3 Rf8 31. Kg2 Rfe8 32. Kg1 h5 33. Rf1 Rf7
34. Rxf7 Kxf7 35. Qh6 e3 36. Qf4+ Qxf4 37. gxf4 Re4 38. Kg2 Kf6 39. Kf3 Kf5 40.
Rxe3 Rxf4+ 41. Kg2 b4 42. Re8 Rd4 43. Re2 Kg4 44. Rc2 a5 45. h3+ Kh4 46. Re2
Rd5 47. Re4+ Kg5 48. Re2 h4 49. Rc2 Re5 50. Kf2 {Drawn on Black's offer.}
 1/2-1/2

[Event "20th 4NCL Congress"]
[Site "Nottingham"]
[Date "2018.09.30"]
[Round "4"]
[Board "24"]
[White "Hadi, Justin"]
[Black "Collinson, Mark I"]
[Result "1-0"]
[WhiteElo "2030"]
[BlackElo "2027"]
[PlyCount "85"]
[EventDate "2018.09.28"]
[EventRounds "5"]
[EventCountry "ENG"]

1. d4 Nf6 2. c4 g6 3. Nc3 Bg7 4. e4 d6 5. f3 O-O 6. Bg5 Nbd7 7. Nh3 c6 8. Qd2
Re8 9. Be2 Qa5 10. a3 Nf8 11. Nf2 Bd7 12. O-O a6 13. b4 Qc7 14. a4 b6 15. a5 c5
16. axb6 Qxb6 17. bxc5 dxc5 18. d5 h5 19. Be3 Red8 20. Nd3 a5 21. Nxc5 Qc7 22.
Nxd7 N6xd7 23. Bd4 Nc5 24. Nb5 Qc8 25. Bxg7 Kxg7 26. Rxa5 Rxa5 27. Qxa5 Nfd7
28. Ra1 Kg8 29. Qc3 Qb8 30. Na7 Qb6 31. Qa5 Ra8 32. Qxb6 Nxb6 33. Ra5 Nb3 34.
Rb5 Rxa7 35. Rxb3 Nd7 36. Rb5 Ra2 37. Kf2 Rc2 38. f4 g5 39. fxg5 Ne5 40. c5
Nd3+ 41. Ke3 Nxc5 42. Bxh5 Nd7 43. Rb7 {time}  1-0

[Event "20th 4NCL Congress"]
[Site "Nottingham"]
[Date "2018.09.30"]
[Round "5"]
[Board "1"]
[White "Jackson, James P"]
[Black "Arkell, Keith C"]
[Result "1/2-1/2"]
[WhiteElo "2371"]
[BlackElo "2432"]
[PlyCount "60"]
[EventDate "2018.09.28"]
[EventRounds "5"]
[EventCountry "ENG"]

1. e4 e6 2. d4 d5 3. Nc3 dxe4 4. Nxe4 Bd7 5. Nf3 Bc6 6. Bd3 Nd7 7. c3 Ngf6 8.
Nxf6+ Nxf6 {(=)} 9. O-O Bxf3 10. Qxf3 c6 11. Bf4 Bd6 12. Be5 Bxe5 13. dxe5 Nd7
14. Qg3 g6 15. Rfe1 O-O 16. h4 Qe7 17. h5 Kg7 18. Re3 Nc5 19. Bc2 Rad8 20. Rae1
Rd2 21. R3e2 Rxe2 22. Rxe2 Rd8 23. Qe3 b6 24. b4 Na6 25. a3 Nc7 26. h6+ Kf8 27.
c4 c5 28. Rd2 Rxd2 29. Qxd2 cxb4 30. axb4 Na6  1/2-1/2

[Event "20th 4NCL Congress"]
[Site "Nottingham"]
[Date "2018.09.30"]
[Round "5"]
[Board "2"]
[White "Hebden, Mark L"]
[Black "Merry, Alan B"]
[Result "1-0"]
[WhiteElo "2426"]
[BlackElo "2435"]
[PlyCount "139"]
[EventDate "2018.09.28"]
[EventRounds "5"]
[EventCountry "ENG"]

1. d4 Nf6 2. Nf3 g6 3. Nc3 Bg7 4. e4 d5 5. exd5 Nxd5 6. Nxd5 Qxd5 7. Be2 O-O 8.
O-O c5 9. Be3 Rd8 10. dxc5 Bxb2 11. Bc4 Qd7 12. Ng5 e6 13. Rb1 Qe7 14. Qf3 Bg7
15. Qh3 h6 16. Ne4 e5 17. Qf3 Nc6 18. Nd6 Rf8 19. h4 Rb8 20. h5 Be6 21. hxg6
Bxc4 22. Nxc4 fxg6 23. Qe4 Kh7 24. Rfd1 Rfd8 25. Rd6 Qf7 26. Rbd1 Rxd6 27. Rxd6
Re8 28. Rd2 Re7 29. c3 Qf5 30. Nd6 Qxe4 31. Nxe4 Kg8 32. Kf1 Bf8 33. Ke2 Rc7
34. Nd6 Rd7 35. Kf3 Bxd6 36. cxd6 Kf7 37. Bxh6 Ke6 38. Kg4 Na5 39. Bf8 Nc4 40.
Re2 Rf7 41. Be7 Rf5 42. f3 Nxd6 43. Bxd6 Kxd6 44. Re4 Kc5 45. Kg3 b5 46. Kf2 a5
47. g4 Rf6 48. Rxe5+ Kc4 49. Ke3 a4 50. f4 Rb6 51. Kd2 Rd6+ 52. Kc2 Rd8 53. Re6
Rh8 54. Rc6+ Kd5 55. Rxg6 Rh2+ 56. Kd3 Rh3+ 57. Kd2 Rh2+ 58. Ke3 Rh3+ 59. Kf2
Rxc3 60. f5 Ra3 61. Rb6 Rxa2+ 62. Ke3 Ra3+ 63. Kf4 Kc5 64. Ra6 b4 65. f6 Ra1
66. Kg5 Rf1 67. Ra5+ Kd6 68. Rxa4 b3 69. Rb4 Rf3 70. Kg6  1-0

[Event "20th 4NCL Congress"]
[Site "Nottingham"]
[Date "2018.09.30"]
[Round "5"]
[Board "3"]
[White "Nettleton, Charlie B"]
[Black "Alsina Leal, Daniel"]
[Result "0-1"]
[WhiteElo "2018"]
[BlackElo "2483"]
[PlyCount "40"]
[EventDate "2018.09.28"]
[EventRounds "5"]
[EventCountry "ENG"]

1. b3 e5 2. Bb2 Nc6 3. e3 d5 4. Bb5 Bd6 5. Nf3 Qe7 6. c4 dxc4 7. bxc4 Nf6 8. c5
Bxc5 9. Nxe5 O-O 10. Nxc6 bxc6 11. Bxc6 Rb8 12. Qc2 Ba6 13. Bf3 Rfd8 14. Be2
Bxe2 15. Kxe2 Ne4 16. Bc3 Qh4 17. Rf1 Qg4+ 18. Ke1 Qxg2 19. d3 Nxc3 20. Nxc3
Bxe3  0-1

[Event "20th 4NCL Congress"]
[Site "Nottingham"]
[Date "2018.09.30"]
[Round "5"]
[Board "4"]
[White "Sowray, Peter J"]
[Black "Tombolis, Christopher"]
[Result "1-0"]
[WhiteElo "2340"]
[BlackElo "1882"]
[PlyCount "35"]
[EventDate "2018.09.28"]
[EventRounds "5"]
[EventCountry "ENG"]

1. d4 e6 2. c4 b6 3. e4 Bb7 4. Bd3 f5 5. exf5 Bxg2 6. Qh5+ g6 7. fxg6 Bg7 8.
gxh7+ Kf8 9. Ne2 Bxh1 10. Bg5 Nf6 11. Qh4 Ke7 12. Nf4 d6 13. Nd2 Bb7 14. O-O-O
Nbd7 15. Rg1 Nf8 16. Bxf6+ Bxf6 17. Rg7+ Ke8 18. Qh5+  1-0

[Event "20th 4NCL Congress"]
[Site "Nottingham"]
[Date "2018.09.30"]
[Round "5"]
[Board "5"]
[White "Willow, Jonah B"]
[Black "Zapolskis, Antanas"]
[Result "0-1"]
[WhiteElo "2271"]
[BlackElo "2277"]
[PlyCount "80"]
[EventDate "2018.09.28"]
[EventRounds "5"]
[EventCountry "ENG"]

1. e4 c5 2. Nf3 Nc6 3. d4 cxd4 4. Nxd4 Nf6 5. Nc3 e5 6. Ndb5 d6 7. Bg5 a6 8.
Na3 b5 9. Nd5 Be7 10. Bxf6 Bxf6 11. c4 O-O {(after ~1 hour think)} 12. cxb5 Nd4
13. bxa6 Bg5 14. Bd3 Qa5+ 15. Nc3 Bxa6 16. O-O Rab8 17. Bxa6 Qxa6 18. Rb1 Rfc8
19. Qg4 h6 20. Rfd1 Rc7 21. Nd5 Rcb7 22. h4 Bd8 23. h5 Bg5 24. Rxd4 exd4 25. f4
Bd8 26. f5 Bg5 27. f6 d3 28. Ne7+ Kf8 29. e5 Qxa3 30. bxa3 Rxb1+ 31. Kh2 d2 32.
Ng6+ Kg8 33. Ne7+ Kh8 34. Ng6+ fxg6 35. fxg7+ Kxg7 36. Qd7+ Kh8 37. hxg6 R1b7
38. Qg4 dxe5 39. Qe2 Re8 40. Qh5 Rd8  0-1

[Event "20th 4NCL Congress"]
[Site "Nottingham"]
[Date "2018.09.30"]
[Round "5"]
[Board "6"]
[White "Moore, Graham J"]
[Black "French, Max"]
[Result "1/2-1/2"]
[WhiteElo "2247"]
[BlackElo "2074"]
[PlyCount "60"]
[EventDate "2018.09.28"]
[EventRounds "5"]
[EventCountry "ENG"]

1. Nf3 Nf6 2. c4 e6 3. g3 d5 4. b3 d4 5. Bg2 c5 6. d3 Nc6 7. e3 Be7 8. exd4
cxd4 9. O-O O-O 10. Re1 Ne8 11. Ne5 Nxe5 12. Rxe5 f6 13. Re1 Nc7 14. Na3 Bb4
15. Re2 Rb8 16. Nc2 Bc3 17. Rb1 b5 18. Bd2 b4 19. Bxc3 bxc3 20. Qc1 Qd6 21. b4
Bb7 22. Bxb7 Rxb7 23. Qf4 e5 24. Qe4 Rbb8 25. f4 Rbe8 26. fxe5 fxe5 27. Rbe1
Qf6 28. Qb7 e4 29. Qxc7 exd3 30. Rxe8 Qf2+  1/2-1/2

[Event "20th 4NCL Congress"]
[Site "Nottingham"]
[Date "2018.09.30"]
[Round "5"]
[Board "7"]
[White "Barnes, Michael H"]
[Black "Okhai, Shabir"]
[Result "1/2-1/2"]
[WhiteElo "2184"]
[BlackElo "2069"]
[PlyCount "77"]
[EventDate "2018.09.28"]
[EventRounds "5"]
[EventCountry "ENG"]

1. d4 Nf6 2. Nf3 e6 3. c4 c5 4. e3 cxd4 5. exd4 d5 6. Nc3 Bb4 7. cxd5 Nxd5 8.
Bd2 Nc6 9. Bd3 Be7 10. a3 Bf6 11. Be3 O-O 12. O-O Nce7 13. Ne4 b6 14. Nfg5 Nf5
15. Nxf6+ Qxf6 16. Ne4 Qe7 17. Qf3 h6 18. Ng3 Nh4 19. Qh5 Bb7 20. Ne4 f5 21.
Bg5 Nf3+ 22. gxf3 hxg5 23. Nxg5 Nf6 24. Qh4 Bd5 25. Rfe1 Qd7 26. Rac1 Rac8 27.
Ba6 Rxc1 28. Rxc1 Qd6 29. Qg3 Qxg3+ 30. fxg3 Nh7 31. Nxh7 Kxh7 32. Rc7 Bxf3 33.
Kf2 Bd5 34. Ke3 Kg6 35. Rxa7 Kf6 36. h4 g5 37. hxg5+ Kxg5 38. Be2 Rh8 39. Bf3
 1/2-1/2

[Event "20th 4NCL Congress"]
[Site "Nottingham"]
[Date "2018.09.30"]
[Round "5"]
[Board "8"]
[White "Ilett, Raymond J"]
[Black "Munshi, Aditya"]
[Result "0-1"]
[WhiteElo "1856"]
[BlackElo "2133"]
[PlyCount "44"]
[EventDate "2018.09.28"]
[EventRounds "5"]
[EventCountry "ENG"]

1. d4 Nf6 2. c4 e6 3. Nc3 Bb4 4. Nf3 O-O 5. e3 d5 6. Bd3 c5 7. a3 Bxc3+ 8. bxc3
dxc4 9. Bxc4 Qc7 10. Qc2 b6 11. O-O cxd4 12. cxd4 Ba6 13. Ne5 Rc8 14. Bb2 b5
15. Rfc1 bxc4 16. e4 Nbd7 17. Qa4 Qb7 18. Bc3 Nxe5 19. dxe5 Nxe4 20. Bd4 Nd2
21. Rd1 Nb3 22. Rab1 Qb5  0-1

[Event "20th 4NCL Congress"]
[Site "Nottingham"]
[Date "2018.09.30"]
[Round "5"]
[Board "9"]
[White "Smith, Murray D"]
[Black "Goodger, Martyn"]
[Result "1/2-1/2"]
[WhiteElo "2225"]
[BlackElo "2011"]
[PlyCount "35"]
[EventDate "2018.09.28"]
[EventRounds "5"]
[EventCountry "ENG"]

1. e4 e5 2. Nf3 d6 3. d4 exd4 4. Nxd4 Nf6 5. Nc3 Be7 6. Be2 O-O 7. Be3 Re8 8.
Qd2 Bf8 9. Bf3 Nbd7 10. O-O-O Ne5 11. Bg5 c6 12. Be2 h6 13. Be3 Neg4 14. Bxg4
Nxg4 15. Bf4 Qb6 16. h3 Ne5 17. Nb3 a5 18. Qe3  1/2-1/2

[Event "20th 4NCL Congress"]
[Site "Nottingham"]
[Date "2018.09.30"]
[Round "5"]
[Board "10"]
[White "Furness, Robert M"]
[Black "Chapman, Terry Pd"]
[Result "1/2-1/2"]
[WhiteElo "2042"]
[BlackElo "2201"]
[PlyCount "109"]
[EventDate "2018.09.28"]
[EventRounds "5"]
[EventCountry "ENG"]

1. c4 Nf6 2. Nc3 c5 3. g3 d5 4. cxd5 Nxd5 5. Bg2 Nc7 6. Qa4+ Qd7 7. d3 e5 8.
Nf3 Qxa4 9. Nxa4 f6 10. Be3 Nba6 11. Rc1 b6 12. Nd2 Rb8 13. O-O Bb7 14. Nc3
Bxg2 15. Kxg2 Nb4 16. f4 Nbd5 17. Rf3 exf4 18. Bxf4 Nxf4+ 19. gxf4 f5 20. Nc4
Kd7 21. Ne5+ Kc8 22. a4 Kb7 23. Nb5 Nxb5 24. axb5 Be7 25. e3 Ra8 26. Rf2 a6 27.
bxa6+ Rxa6 28. b4 Rha8 29. bxc5 bxc5 30. Rb2+ Rb6 31. Rcb1 Rxb2+ 32. Rxb2+ Kc7
33. Kf3 Bd6 34. Nc4 Ra7 35. e4 fxe4+ 36. dxe4 Be7 37. Ke3 Rb7 38. Rxb7+ Kxb7
39. e5 Kc6 40. Ke4 g6 41. h3 Bh4 42. Ne3 Bd8 43. Ng4 c4 44. Kd4 Kb5 45. Ne3
Bb6+ 46. Ke4 Bxe3 47. Kxe3 Kc5 48. h4 Kd5 49. Kd2 h6 50. Kc3 g5 51. fxg5 hxg5
52. hxg5 Kxe5 53. g6 Kf6 54. g7 Kxg7 55. Kxc4  1/2-1/2

[Event "20th 4NCL Congress"]
[Site "Nottingham"]
[Date "2018.09.30"]
[Round "5"]
[Board "11"]
[White "James, Russell A"]
[Black "Makkar, Rajat"]
[Result "0-1"]
[WhiteElo "2153"]
[BlackElo "2000"]
[PlyCount "90"]
[EventDate "2018.09.28"]
[EventRounds "5"]
[EventCountry "ENG"]

1. d4 Nf6 2. Nf3 e6 3. e3 c5 4. c4 cxd4 5. exd4 d5 6. cxd5 Nxd5 7. Nc3 Be7 8.
Bd3 O-O 9. O-O Nc6 10. Re1 b6 11. Nxd5 Qxd5 12. Be4 Qd6 13. Ne5 Bb7 14. Bf4 Bf6
15. Qf3 Bxe5 16. dxe5 Qb4 17. a3 Qb5 18. Qg3 f5 19. exf6 Rxf6 20. Bg5 Rf7 21.
Rad1 Raf8 22. Be3 Qxb2 23. Qh4 g6 24. Bh6 Re8 25. Qg3 Qf6 26. h4 Nd4 27. Bg5
Qg7 28. Bxb7 Rxb7 29. Qd3 Nf5 30. Qc4 Qf7 31. g4 Rc7 32. Qe4 Ng7 33. Re3 Rd7
34. Rxd7 Qxd7 35. Rd3 Qb5 36. Rf3 Qd7 37. Qe5 Qd5 38. Qf6 e5 39. Bh6 Qd7 40. h5
Qxg4+ 41. Rg3 Nxh5 42. Qc6 Qe6 43. Qc7 Qf7 44. Rc3 Nf4 45. Qc6 Ne2+  0-1

[Event "20th 4NCL Congress"]
[Site "Nottingham"]
[Date "2018.09.30"]
[Round "5"]
[Board "12"]
[White "Klingher, Dominic"]
[Black "Leck, Gerrit"]
[Result "0-1"]
[WhiteElo "2121"]
[BlackElo "1932"]
[PlyCount "60"]
[EventDate "2018.09.28"]
[EventRounds "5"]
[EventCountry "ENG"]

1. e4 c5 2. Nc3 d6 3. f4 g6 4. Nf3 Bg7 5. Bb5+ Bd7 6. Bc4 Nc6 7. d3 Na5 8. Bb3
e6 9. O-O Ne7 10. Qe1 Nxb3 11. axb3 O-O 12. g4 f5 13. Qg3 Nc6 14. gxf5 gxf5 15.
Rf2 Rf6 16. exf5 exf5 17. Nh4 Rh6 18. Rg2 Qf8 19. Bd2 Nd4 20. Nf3 Rg6 21. Ng5
Bc6 22. Rf2 Nxc2 23. Rc1 Nd4 24. h4 Nxb3 25. h5 Rh6 26. Re1 Re8 27. Rfe2 Rxe2
28. Rxe2 Nxd2 29. Ne6 Qf7 30. Nd5 Rxe6  0-1

[Event "20th 4NCL Congress"]
[Site "Nottingham"]
[Date "2018.09.30"]
[Round "5"]
[Board "13"]
[White "Ackley, Peter Je"]
[Black "Hynes, A M (Tony)"]
[Result "1/2-1/2"]
[WhiteElo "2019"]
[BlackElo "2093"]
[PlyCount "43"]
[EventDate "2018.09.28"]
[EventRounds "5"]
[EventCountry "ENG"]

1. g3 e5 2. Bg2 Nc6 3. c4 f5 4. Nc3 Nf6 5. d3 Bc5 6. e3 O-O 7. Nge2 d6 8. O-O
Qe8 9. Nd5 Nxd5 10. cxd5 Ne7 11. d4 Bb6 12. dxe5 dxe5 13. a4 a5 14. b3 Qf7 15.
Bd2 Rd8 16. Bc3 Nxd5 17. Bxe5 Be6 18. Nd4 Bxd4 19. Bxd4 c6 20. Qc2 f4 21. Qe4
Bg4 22. exf4  1/2-1/2

[Event "20th 4NCL Congress"]
[Site "Nottingham"]
[Date "2018.09.30"]
[Round "5"]
[Board "14"]
[White "Yoon, Jacob D"]
[Black "Waller, Dan"]
[Result "1-0"]
[WhiteElo "2017"]
[BlackElo "2092"]
[PlyCount "37"]
[EventDate "2018.09.28"]
[EventRounds "5"]
[EventCountry "ENG"]

1. d4 d5 2. Nc3 e6 3. e4 dxe4 4. Nxe4 Nd7 5. Nf3 Ngf6 6. Bd3 Nxe4 7. Bxe4 Nf6
8. Bd3 Bd7 9. b3 Bc6 10. Bb2 Be7 11. O-O Qd5 12. c4 Qh5 13. Be2 Qg6 14. d5 exd5
15. cxd5 Nxd5 16. Ne5 Ne3 17. Nxg6 Nxd1 18. Nxe7 Nxb2 19. Nxc6  1-0

[Event "20th 4NCL Congress"]
[Site "Nottingham"]
[Date "2018.09.30"]
[Round "5"]
[Board "16"]
[White "Wells, Jonathan C"]
[Black "Dahl, Baard"]
[Result "1/2-1/2"]
[WhiteElo "1969"]
[BlackElo "2113"]
[PlyCount "67"]
[EventDate "2018.09.28"]
[EventRounds "5"]
[EventCountry "ENG"]

1. d4 Nf6 2. c4 g6 3. g3 Bg7 4. Bg2 d5 5. cxd5 Nxd5 6. e4 Nb6 7. Ne2 c5 8. d5
e6 9. Nbc3 O-O 10. O-O exd5 11. exd5 Bf5 12. Bf4 Qd7 13. Rc1 Re8 14. b3 Na6 15.
a3 Bh3 16. Qd3 c4 17. bxc4 Bxg2 18. Kxg2 Nc5 19. Qb1 Rac8 20. Rfd1 Nxc4 21. Nd4
a6 22. Qb4 Ne5 23. Bxe5 Bxe5 24. Nf3 Bd6 25. Qh4 Be7 26. Ng5 h5 27. Qf4 Bd6 28.
Qf3 Be5 29. Nce4 Nxe4 30. Nxe4 Kg7 31. d6 Rxc1 32. Rxc1 Rc8 33. Rxc8 Qxc8 34.
Qd3  1/2-1/2

[Event "20th 4NCL Congress"]
[Site "Nottingham"]
[Date "2018.09.30"]
[Round "5"]
[Board "17"]
[White "Agnew, Alan"]
[Black "Jukes, Sam"]
[Result "1/2-1/2"]
[WhiteElo "2086"]
[BlackElo "1863"]
[PlyCount "53"]
[EventDate "2018.09.28"]
[EventRounds "5"]
[EventCountry "ENG"]

1. d4 Nf6 2. c4 e6 3. Nc3 Bb4 4. e3 b6 5. Bd3 O-O 6. Nge2 d5 7. a3 Bd6 8. Qc2
Bb7 9. e4 dxe4 10. Nxe4 Nxe4 11. Bxe4 Bxe4 12. Qxe4 Nd7 13. O-O Nf6 14. Qf3 c5
15. dxc5 bxc5 16. Nc3 Qb8 17. h3 Bh2+ 18. Kh1 Be5 19. Na4 Bd4 20. Be3 Qb3 21.
Nxc5 Bxc5 22. Bxc5 Qxf3 23. gxf3 Rfc8 24. b4 Nd7 25. Be3 Rxc4 26. Rac1 Nb6 27.
Bxb6  1/2-1/2

[Event "20th 4NCL Congress"]
[Site "Nottingham"]
[Date "2018.09.30"]
[Round "5"]
[Board "18"]
[White "Jamroz, Krzysztof"]
[Black "Burnett, Jim"]
[Result "1-0"]
[WhiteElo "1999"]
[BlackElo "2062"]
[PlyCount "31"]
[EventDate "2018.09.28"]
[EventRounds "5"]
[EventCountry "ENG"]

1. e4 e6 2. d4 d5 3. Bd3 dxe4 4. Bxe4 Nf6 5. Bf3 c5 6. Ne2 Be7 7. Nbc3 cxd4 8.
Nxd4 a6 9. Be3 Nbd7 10. Qe2 Ne5 11. O-O-O Nfd7 12. Be4 Qc7 13. f4 Nc4 14. f5 e5
15. Nd5 Qc5 16. Ne6  1-0

[Event "20th 4NCL Congress"]
[Site "Nottingham"]
[Date "2018.09.30"]
[Round "5"]
[Board "19"]
[White "See, Tristian"]
[Black "Hadi, Justin"]
[Result "1-0"]
[WhiteElo "1928"]
[BlackElo "2030"]
[PlyCount "87"]
[EventDate "2018.09.28"]
[EventRounds "5"]
[EventCountry "ENG"]

1. e4 c5 2. Nf3 Nc6 3. Bb5 d6 4. O-O Bd7 5. Re1 Nf6 6. c3 a6 7. Bf1 Bg4 8. h3
Bxf3 9. Qxf3 e6 10. d3 Be7 11. Qe2 O-O 12. f4 b5 13. g3 Nd7 14. Bg2 Rc8 15. Nd2
Nb6 16. Nf1 b4 17. Bd2 Na4 18. Rab1 Qa5 19. Rec1 Bf6 20. e5 dxe5 21. Bxc6 Rxc6
22. fxe5 Be7 23. cxb4 Qb6 24. b3 cxb4+ 25. Be3 Nc5 26. d4 Nd7 27. Rxc6 Qxc6 28.
Rc1 Qb7 29. Nd2 Nb6 30. Qg4 Rc8 31. Nc4 Nd5 32. Bh6 Bf8 33. Rf1 Rc7 34. Nd6 Qb8
35. h4 g6 36. Bxf8 Qxf8 37. Qe2 Qh6 38. Qxa6 Qe3+ 39. Kh2 Qxd4 40. Qa8+ Kg7 41.
Ne8+ Kh6 42. Nxc7 Nxc7 43. Qf8+ Kh5 44. Qxf7  1-0

[Event "20th 4NCL Congress"]
[Site "Nottingham"]
[Date "2018.09.30"]
[Round "5"]
[Board "20"]
[White "Dias, Savin"]
[Black "Cusick, Peter W"]
[Result "1/2-1/2"]
[WhiteElo "1693"]
[BlackElo "1985"]
[PlyCount "46"]
[EventDate "2018.09.28"]
[EventRounds "5"]
[EventCountry "ENG"]

1. e4 c6 2. d4 d5 3. Nc3 dxe4 4. Nxe4 Nd7 5. Nf3 Ngf6 6. Bd3 Nxe4 7. Bxe4 Nf6
8. Bd3 Bg4 9. c3 e6 10. O-O Be7 11. Bf4 O-O 12. h3 Bxf3 13. Qxf3 Qd5 14. Qxd5
cxd5 15. Rfe1 Ne8 16. c4 dxc4 17. Bxc4 Bd6 18. Bxd6 Nxd6 19. Bb3 Rfe8 20. Rac1
Rac8 21. Rxc8 Rxc8 22. d5 exd5 23. Bxd5 Kf8  1/2-1/2

[Event "20th 4NCL Congress"]
[Site "Nottingham"]
[Date "2018.09.30"]
[Round "5"]
[Board "21"]
[White "Waterfield, Mark Bw"]
[Black "Kramaley, David"]
[Result "0-1"]
[WhiteElo "1675"]
[BlackElo "1849"]
[PlyCount "62"]
[EventDate "2018.09.28"]
[EventRounds "5"]
[EventCountry "ENG"]

1. d4 d5 2. Bf4 Nf6 3. e3 c5 4. Nc3 a6 5. h3 Nc6 6. Nf3 h6 7. dxc5 e6 8. a3
Bxc5 9. b4 Bb6 10. Bd3 O-O 11. O-O Re8 12. Ne5 Nxe5 13. Bxe5 Bc7 14. Bxc7 Qxc7
15. Ne2 e5 16. c3 Bd7 17. Bc2 Bb5 18. Rc1 Rad8 19. Re1 Bc4 20. Ng3 g6 21. Nf1
b5 22. Nd2 Rd6 23. Nxc4 dxc4 24. Qe2 Red8 25. Red1 R8d7 26. e4 Qd8 27. f3 Kg7
28. a4 Rd2 29. Rxd2 Rxd2 30. Qe1 Nh5 31. Rd1 Qb6+  0-1

[Event "20th 4NCL Congress"]
[Site "Nottingham"]
[Date "2018.09.30"]
[Round "5"]
[Board "22"]
[White "Collinson, Mark I"]
[Black "Ross, Stuart"]
[Result "1/2-1/2"]
[WhiteElo "2027"]
[BlackElo "1608"]
[PlyCount "31"]
[EventDate "2018.09.28"]
[EventRounds "5"]
[EventCountry "ENG"]

1. Nf3 Nf6 2. d4 e6 3. g3 d5 4. Bg2 Be7 5. O-O O-O 6. c4 dxc4 7. Nc3 c5 8. Qa4
cxd4 9. Rd1 Bd7 10. Nb5 a6 11. Nfxd4 e5 12. Bxb7 Ra7 13. Nc6 Nxc6 14. Bxc6 Ra8
15. Nc3 Bxc6 16. Qxc6  1/2-1/2